000
00307nam a2200121Ia 4500
008
190216s9999||||xx |||||||||||||| ||und||
100
_a
Balaguruswamy.E
245
0
_a
Fortran 4 For Beginners
260
_b
Tata Mcgraw Hill Publishing Company Ltd
_c
1985
300
_a
186 p
650
_a
Computer
942
_c
BK
999
_c
8349
_d
8349